000 01032nam a22002177a 4500
999 _c21381
_d21381
003 AR-CdUCM
008 190529b ||||| |||| 00| 0 spa d
020 _a9788490352878
040 _aMUNICIPALIDAD PROVINCIAL DEL CUSCO
_cBIBLIOTECA MUNICIPAL DEL CUSCO
082 _a657.4/H2
_bH2
_2Once
100 _aHeizer, Jay
_944602
245 _aDirección de la producción y de operaciones :
_bDecisiones estratégicas /
260 _aMadri ;
_bPearson,
_c2015.
300 _a594 Páginas. :
_c25 cm.
505 _aContenido: Operaciones y productividad -- Estrategia de operaciones en un entorno global -- Dirección de proyectos -- Previsión -- Diseño de bienes y servicios -- Gestión de la calidad -- Estrategia y diseño de procesos -- Estrategia de localización -- Estrategias de layout -- Recursos humanos diseño del trabajo y medición del trabajo ...
650 _aProducción
_91785
650 _aEconomía de la producción
_942524
650 _aDiseño de producción
_922213
942 _2ddc
_cLIBROS
945 _aRoel